000 006060000a22001810004500
003 MACL
005 20160324123256.0
008 160324b xxu||||| |||| 00| 0 eng d
040 _aMACL
_cMACL
041 _aHindi
082 _a300
100 _aचनद्र सतीश
_948202
245 _aमुगलों की धार्मिक नीतियॉ राजपूत-समुदाय और दक्खिन
260 _bअरूणोदय प्रकाशन
_c2004
_aनई दिल्‍ली
350 _a250
650 _aSociology
_948203
942 _cHIN
_k300
_2ddc
999 _c18949
_d18949